LIBRARY & INFORMATION CENTRE, KCAET, TAVANUR

ONLINE PUBLIC ACCESS CATALOGUE (OPAC)

Normal view MARC view
  • Menon, T K N .

Entry Personal Name

Number of records used in: 1

001 - CONTROL NUMBER

  • control field: 1866

003 - CONTROL NUMBER IDENTIFIER

  • control field: OSt

005 - DATE AND TIME OF LATEST TRANSACTION

  • control field: 20161018105956.0

008 - FIXED-LENGTH DATA ELEMENTS

  • fixed length control field: 161018|| aca||aabn | a|a d

040 ## - CATALOGING SOURCE

  • Original cataloging agency: OSt
  • Transcribing agency: OSt

100 ## - HEADING--PERSONAL NAME

  • Personal name: Menon, T K N .

670 ## - SOURCE DATA FOUND

  • Source citation: Work cat.: (OSt)3176: Menon, T K N ., Recent Trends in Psycholohy / , 1961.
free website counter